Public opinion, political communication and the internet (Record no. 53540)

000 -LEADER
fixed length control field 01210pab a2200181 454500
008 - FIXED-LENGTH DATA ELEMENTS--GENERAL INFORMATION
fixed length control field 180718b2002 xxu||||| |||| 00| 0 eng d
100 ## - MAIN ENTRY--PERSONAL NAME
Personal name Savigny, Heather
245 ## - TITLE STATEMENT
Title Public opinion, political communication and the internet
260 ## - PUBLICATION, DISTRIBUTION, ETC.
Date of publication, distribution, etc. 2002
300 ## - PHYSICAL DESCRIPTION
Extent p.1-8.
362 ## - DATES OF PUBLICATION AND/OR SEQUENTIAL DESIGNATION
Dates of publication and/or sequential designation Feb
520 ## - SUMMARY, ETC.
Summary, etc. In contemporary society public opinion is generally mediated by the mass media, which has come to encompass the Harbermasian `public sphere'. This arena is now characterised by the conflict between market and democratic principles, by competing interests of politicians and the media. The presentation of information for debate becomes distorted. The opinion of the `public' is no longer created through deliberation, but is constructed through systems of communication, in conflict with political actors, who seek to retain control of the dissemination of information. The expansion of the internet as a new method of communication provides a potential challenge to the primacy of the traditional media and political parties as formers of public opinion. - Reproduced.
650 ## - SUBJECT ADDED ENTRY--TOPICAL TERM
Topical term or geographic name entry element Internet
650 ## - SUBJECT ADDED ENTRY--TOPICAL TERM
Topical term or geographic name entry element Political communication
650 ## - SUBJECT ADDED ENTRY--TOPICAL TERM
Topical term or geographic name entry element Public opinion
773 ## - HOST ITEM ENTRY
Main entry heading Politics
909 ## -
-- 53540
Holdings
Withdrawn status Lost status Damaged status Not for loan Permanent Location Current Location Date acquired Serial Enumeration / chronology Barcode Date last seen Price effective from Koha item type
        Indian Institute of Public Administration Indian Institute of Public Administration 2018-07-19 Volume no: 22, Issue no: 1 AR53985 2018-07-19 2018-07-19 Articles

Powered by Koha